| 000 | 00725nam a22002057a 4500 | ||
|---|---|---|---|
| 999 |
_c14900 _d14900 |
||
| 008 | 200130b ||||| |||| 00| 0 eng d | ||
| 020 | _a9789719808763 | ||
| 082 |
_22018 _aDFil 330.599 _bM311 |
||
| 100 |
_aManapat, Carlos L. _95490 |
||
| 245 |
_aEconomics, taxation, and agrarian reform/ _cCarlos L. Manapat and Fernando R. Pedrosa |
||
| 250 | _a2nd ed. | ||
| 260 |
_aQuezon City: _bC & E Publishing, Inc., _c©2018. |
||
| 300 |
_axi, 305 pages: _billustrations; _c25 cm. |
||
| 500 | _aIncludes glossary and index. | ||
| 650 |
_aTaxation--Philippines. _922197 |
||
| 650 |
_aEconomics--Philippines _941387 |
||
| 650 |
_aLand reform--Philippines _941388 |
||
| 700 |
_aPedrosa, Fernando R. _eAuthor _95494 |
||
| 942 |
_2ddc _cDFIL |
||